000 00826nam a2200253 i 4500
001 66434
003 ES-MaACL
005 20250814053134.0
007 t|
008 040217s2001 sp ||||1| spa d
020 _a84-95735-08-2
080 _a929.71
080 _a298(091)
100 1 _aValenti Camp, Santiago.
_9112598
245 1 0 _aTemplarios, Hospitalarios, Teutónicos
_b: la caballería, las órdenes militares, la Rosacruz, el Santo Grial, el ocultismo_ /
_cSantiago Valentí Camp.
260 _aMoraleja de Enmedio (Madrid) :
_bArcos,
_c[2001]
300 _a399 p. ;
_c23 cm.
610 2 4 _aOrden del Temple.
_96041
650 1 4 _aOrdenes militares.
_915744
650 7 _aOcultismo
_2embne
_915681
650 1 4 _aSectas-
_xHistoria.
_917002
852 _aES-MaACL
_jL-26930
_bR.132543
999 _c66434
_d66434